COMPETITIVE PROGRAMMING IN PYTHON (Record no. 397167)

MARC details
000 -LEADER
fixed length control field 00358 a2200133 4500
000 - LEADER
fixed length control field nam a22 7a 4500
100 ## - MAIN ENTRY--PERSONAL NAME
Personal name Christoph Dürr
110 ## - MAIN ENTRY--CORPORATE NAME
Corporate name or jurisdiction name as entry element Christoph Dürr
245 ## - TITLE STATEMENT
Title COMPETITIVE PROGRAMMING IN PYTHON
250 ## - EDITION STATEMENT
Edition statement latest edition
260 ## - PUBLICATION, DISTRIBUTION, ETC.
Name of publisher, distributor, etc. Cambridge University Press
Date of publication, distribution, etc. 2023
264 ## - PRODUCTION, PUBLICATION, DISTRIBUTION, MANUFACTURE, AND COPYRIGHT NOTICE
Name of producer, publisher, distributor, manufacturer Cambridge University Press
Date of production, publication, distribution, manufacture, or copyright notice 2023
942 ## - ADDED ENTRY ELEMENTS (KOHA)
Koha item type Books

No items available.

© Designed and Maintained by Vivekananda Library, MDU Rohtak